01252cam a2200265 a 4500001000400000003001000004005001700014008004100031020001800072040002500090080002700115090002500142245028500167260003800452300002000490504003600510650002800546650004700574650003700621700004500658942001200703952012900715952012900844999001300973455BR-CuiBMT20231109121949.0231107s2010 mgb 001 0 por d a9788577003686 aBR-CuiBMTcBR-CuiBMT 22007a347.91/.95x(81) a347.91/.95(81)bN94500aNovo código de processo civil :bcomparativo entre o projeto do novo CPC e o CPC de 1973 /corganizadores Jefferson Carús Guedes ... [et al.] ; equipe de colaboradores Niuza Gomes Barbosa de Lima, Daniela Barbosa de Lima, Carina Lentz Dutra ; prefácio Ministro Dias Toffoli. aBelo Horizonte :bFórum,c2010. a396 p. ;c24 cm aInclui bibliografia e índice. aCódigo processo civil aDireitos e garantias e individuaiszBrasil aProcesso civilvCódigozBrasil aGuedes, Jefferson Carús 4et al.4org. 2udccLV 00102udc4070aBIBTCEMTbBIBTCEMTd2023-07-28l0o347.91/.95(81) N945pBIBTCEMT23110207r2023-11-07tEx. 1w2023-11-07yLV 00102udc4070aBIBTCEMTbBIBTCEMTd2023-07-28l0o347.91/.95(81) N945pBIBTCEMT23110208r2023-11-07tEx. 2w2023-11-07yLV c455d455